000 00338 a2200157 4500
001 50253
020 _a9788516084912
040 _cAnchieta - Bela Vista
100 _aFoley, Jonh
240 1 0 _aSmellybear
_l
245 1 0 _aSmellybear
300 _a24
362 0 _a2013
650 4 _aLiteratura infanto-juvenil em inglês
942 _cBK
999 _c50253
_d50253